000 00737nam a2200265Ia 4500
001 27173
005 20240114000954.0
007 ta
008 060520s1971 a g b000 u 465 u
040 _aCotton College Assam
041 _a465
082 _a150
_bLa 22 Pe
100 _aLanyon , Richard I. .
245 0 _aPersionality Assessment /
_cRichard I.Lanyon & Leonard D.Goodstein.
_hTextual Documents
250 _a1st ed. /
260 _aNew York :
_bJohn Wiley & Sons ,
_cC1971.
300 _a267p. :
_bill ;
_c22cm .
653 _aPsychology
653 _aPersionality Assessment
653 _aG-Philosophy
700 _aGoodstein, Leonard D. .
942 _2ddc
_cBK
999 _c27155
_d27155